| 000 | 00835nam a2200241 a 4500 | ||
|---|---|---|---|
| 001 | 81657 | ||
| 003 | BD-RjUL | ||
| 005 | 20230809120734.0 | ||
| 008 | 230809r20172009ii ||||| |||| 00| 0 ben d | ||
| 020 | _a9788189834838 | ||
| 035 | _a(BD-RjUL)81657 | ||
| 040 |
_aBD-RjUL _beng _cBD-RjUL |
||
| 041 | _aben | ||
| 082 |
_223 _a782.0095414 _bCHB 2017 |
||
| 100 |
_aচাকী, লীনা _98261 |
||
| 245 |
_aবাউলের চরণদাসী / _cলীনা চাকী |
||
| 250 | _aপরিমার্জিত ও পরিবর্ধিত সংস্করণ | ||
| 260 |
_aকলকাতা : _bগাঙচিল, _c২০০৯, [মুদ্রণ ২০১৭] |
||
| 300 |
_a১৫০ পৃ.; _c২২ সেমি. |
||
| 650 | _aগান, বাংলা | ||
| 650 | _aSongs, Bengali | ||
| 942 |
_2ddc _cBK |
||
| 999 |
_c81657 _d81657 |
||